[Event "WJCC U20 Girls 2019"]
[Site "New Delhi"]
[Date "2019.10.17"]
[Round "4.15"]
[White "Gomez Barrera, Javiera Belen"]
[Black "Diakonova, Ekaterina"]
[Result "0-1"]
[WhiteElo "2033"]
[BlackElo "2231"]
[Annotator "NA"]
[PlyCount "90"]
[EventDate "2019.10.15"]
[EventType "swiss"]
[EventCountry "IND"]
[SourceTitle "playchess.com"]
[Source "ChessBase"]
[SourceQuality "1"]
[TimeControl "40/5400+30:1800+30"]

1. e4 {[%emt 0:00:00]} c6 {[%emt 0:00:00]} 2. d4 {[%emt 0:00:00]} d5 {[%emt 0:00:00]} 3. e5 {[%emt 0:00:00]} Bf5 {[%emt 0:00:00]} 4. h4 {[%emt 0:00:07]} h5 {[%emt 0:00:00]} 5. Bd3 {[%emt 0:00:24]} Bxd3 {[%emt 0:00:22]} 6. Qxd3 {[%emt 0:00:03]} Qa5+ {[%emt 0:00:09]} 7. Nd2 {[%emt 0:00:20]} e6 {[%emt 0:01:53]} 8. Ngf3 {[%emt 0:13:55]} Ne7 {[%emt 0:06:48]} 9. c4 {[%emt 0:04:54]} dxc4 {[%emt 0:07:28]} 10. Qxc4 {[%emt 0:00:21]} Nd7 {[%emt 0:01:27]} 11. O-O {[%emt 0:01:44]} Nf5 {[%emt 0:05:18]} 12. Ne4 {[%emt 0:08:56]} Be7 {[%emt 0:00:26]} 13. Bg5 {[%emt 0:02:39]} Qd5 {[%emt 0:11:35]} 14. Qd3 {[%emt 0:18:03]} Bxg5 {[%emt 0:00:45]} 15. Nexg5 {[%emt 0:00:30]} Nb6 {[%emt 0:10:25]} 16. Rfd1 {[%emt 0:04:05]} Qd7 {[%emt 0:05:45]} 17. Ne4 {[%emt 0:17:11]} Qe7 {[%emt 0:06:25]} 18. g3 {[%emt 0:12:20]} O-O-O {[%emt 0:17:04]} 19. Rab1 {[%emt 0:07:38]} Rd5 {[%emt 0:00:17]} 20. Nc3 {[%emt 0:01:02]} Rd7 {[%emt 0:00:31]} 21. Qe4 {[%emt 0:02:33]} Rhd8 {[%emt 0:03:45]} 22. b4 {[%emt 0:00:27]} Kb8 {[%emt 0:00:18]} 23. a4 {[%emt 0:01:30]} Nd5 {[%emt 0:01:44]} 24. Na2 {[%emt 0:00:59]} a5 {[%emt 0:02:34]} 25. bxa5 {[%emt 0:01:21]} Qa3 {[%emt 0:00:16]} 26. Qe2 {[%emt 0:01:27]} Qxa4 {[%emt 0:02:02]} 27. Qb2 {[%emt 0:00:28]} Qxa5 {[%emt 0:04:35]} 28. Nd2 b5 {[%emt 0:02:58]} 29. Nb3 {[%emt 0:00:58]} Qb6 {[%emt 0:00:35]} 30. Nc5 {[%emt 0:00:17]} Ra7 {[%emt 0:00:18]} 31. Ra1 {[%emt 0:00:44]} Kc7 {[%emt 0:01:22]} 32. Nb4 {[%emt 0:00:31]} Rxa1 {[%emt 0:02:03]} 33. Nxd5+ {[%emt 0:00:30]} Rxd5 {[%emt 0:00:23]} 34. Qxa1 {[%emt 0:00:28]} Nxd4 {[%emt 0:01:26]} 35. Rxd4 {[%emt 0:00:27]} Qxc5 {[%emt 0:00:47]} 36. Rxd5 {[%emt 0:00:35]} exd5 {[%emt 0:02:17]} 37. Qd1 {[%emt 0:00:31]} g6 {[%emt 0:00:52]} 38. Qf3 {[%emt 0:00:22]} Qe7 {[%emt 0:00:23]} 39. Qe3 {[%emt 0:00:36]} c5 {[%emt 0:01:15]} 40. Qa3 {[%emt 0:00:31]} Kb7 {[%emt 0:01:21]} 41. Qa5 {[%emt 0:02:10]} Qd7 {[%emt 0:04:38]} 42. Kf1 {[%emt 0:00:25]} d4 {[%emt 0:01:54]} 43. Ke1 {[%emt 0:00:41]} Qc6 {[%emt 0:01:26]} 44. Kd2 {[%emt 0:00:22]} Qb6 {[%emt 0:07:37]} 45. Qa2 {[%emt 0:00:37]} c4 {[%emt 0:03:50]} 0-1

[Event "WJCC U20 Girls 2019"]
[Site "New Delhi"]
[Date "2019.10.17"]
[Round "4.16"]
[White "Eesha Ajay Sarda"]
[Black "Olde, Margareth"]
[Result "0-1"]
[WhiteElo "1744"]
[BlackElo "2205"]
[Annotator "NA"]
[PlyCount "106"]
[EventDate "2019.10.15"]
[EventType "swiss"]
[EventCountry "IND"]
[SourceTitle "playchess.com"]
[Source "ChessBase"]
[SourceQuality "1"]
[TimeControl "40/5400+30:1800+30"]

1. e4 c5 2. Nf3 Nc6 3. d4 cxd4 4. Nxd4 e6 5. Nc3 Qc7 6. f4 a6 7. Nxc6 Qxc6 8. Be2 Bc5 9. Qd3 Ne7 10. Be3 Bxe3 11. Qxe3 O-O 12. O-O d5 13. Bf3 dxe4 14. Bxe4 Qc7 15. Rad1 Nf5 16. Qf2 Nd6 17. Bd3 b5 18. Ne4 Nxe4 19. Bxe4 Rb8 20. Rd3 b4 21. Rd4 Bb7 22. Bxb7 Rxb7 23. Rfd1 g6 24. Qd2 Qc5 25. Kh1 a5 26. Rc1 a4 27. c3 bxc3 28. Rxc3 Qb5 29. h3 Qxb2 30. Qxb2 Rxb2 31. Rxa4 Rd8 32. Rg3 Rd1+ 33. Kh2 Rdd2 34. a3 Ra2 35. Rc4 Kg7 36. Rcc3 h5 37. h4 Rd4 38. Rgf3 e5 39. fxe5 Rxh4+ 40. Rh3 Rxh3+ 41. Kxh3 Re2 42. Rc5 Re3+ 43. g3 Rxa3 44. Kg2 Kf8 45. Kf2 Ke7 46. Rc4 Ke6 47. Rf4 Ra7 48. Ke3 Kxe5 49. Re4+ Kf5 50. Rf4+ Kg5 51. Kf3 f5 52. Kg2 Re7 53. Kf3 Re4 0-1

[Event "WJCC U20 Girls 2019"]
[Site "New Delhi"]
[Date "2019.10.17"]
[Round "4.17"]
[White "Zhu, Jiner"]
[Black "Vlkova, Anezka"]
[Result "1-0"]
[WhiteElo "2507"]
[BlackElo "1972"]
[Annotator "RC"]
[PlyCount "59"]
[EventDate "2019.10.15"]
[EventType "swiss"]
[EventCountry "IND"]
[SourceTitle "playchess.com"]
[Source "ChessBase"]
[SourceQuality "1"]
[TimeControl "40/5400+30:1800+30"]

1. Nf3 d5 2. b3 c5 3. Bb2 Nc6 4. e3 Bg4 5. Be2 Nf6 6. O-O Qc7 7. c4 dxc4 8. bxc4 e6 9. h3 Bh5 10. d4 Be7 11. d5 Rd8 12. Nc3 O-O 13. a3 a6 14. Re1 exd5 15. cxd5 b5 16. e4 b4 17. axb4 cxb4 18. Na4 Bxf3 19. Bxf3 Ne5 20. Bd4 Rb8 21. Be2 Ng6 22. Bxa6 Qf4 23. g3 Qg5 24. Bf1 Bd6 25. Bg2 Nd7 26. h4 Qd8 27. h5 Nge5 28. f4 Nc4 29. e5 Bc7 30. e6 1-0

[Event "WJCC U20 Girls 2019"]
[Site "New Delhi"]
[Date "2019.10.17"]
[Round "4.18"]
[White "Salimova, Nurgyul"]
[Black "Nomindalai Tumurbaatar"]
[Result "1/2-1/2"]
[WhiteElo "2415"]
[BlackElo "2061"]
[Annotator "NA"]
[PlyCount "119"]
[EventDate "2019.10.15"]
[EventType "swiss"]
[EventCountry "IND"]
[SourceTitle "playchess.com"]
[Source "ChessBase"]
[SourceQuality "1"]
[TimeControl "40/5400+30:1800+30"]

1. e4 {[%emt 0:00:00]} d6 {[%emt 0:00:00]} 2. d4 {[%emt 0:00:00]} Nf6 {[%emt 0:00:00]} 3. Nc3 {[%emt 0:00:00]} e5 {[%emt 0:00:08]} 4. Nf3 {[%emt 0:00:00]} Nbd7 {[%emt 0:00:15]} 5. g4 {[%emt 0:00:12]} h6 {[%emt 0:02:20]} 6. Rg1 {[%emt 0:00:57]} c6 {[%emt 0:04:34]} 7. h4 {[%emt 0:02:42]} g6 {[%emt 0:07:13]} (7... Qa5 $11) 8. Be3 {[%emt 0:20:00]} Qa5 $14 {[%emt 0:04:35]} 9. Nd2 {[%emt 0:06:10]} b5 {[%emt 0:04:58]} 10. a3 {[%emt 0:02:56]} a6 {[%emt 0:04:54]} 11. Be2 {[%emt 0:08:48]} Bg7 {[%emt 0:06:57]} 12. f4 {[%emt 0:04:46]} h5 {[%emt 0:13:21]} 13. g5 {[%emt 0:15:37]} Ng4 {[%emt 0:03:58]} 14. Bxg4 {[%emt 0:00:08]} hxg4 {[%emt 0:00:07]} 15. dxe5 {[%emt 0:00:27]} dxe5 {[%emt 0:00:30]} 16. f5 {[%emt 0:00:57]} Rxh4 {[%emt 0:02:17]} 17. fxg6 {[%emt 0:01:46]} fxg6 {[%emt 0:00:21]} 18. Qe2 {[%emt 0:01:43]} Nf8 {[%emt 0:08:03]} 19. Qf2 {[%emt 0:02:24]} g3 {[%emt 0:02:02]} 20. Rxg3 {[%emt 0:00:56]} Qc7 {[%emt 0:02:38]} 21. O-O-O {[%emt 0:01:47]} Be6 {[%emt 0:00:46]} 22. Bb6 {[%emt 0:09:42]} Qf7 {[%emt 0:02:42]} 23. Nf3 {[%emt 0:04:02]} Rh8 {[%emt 0:06:31]} 24. Kb1 {[%emt 0:01:37]} Rc8 {[%emt 0:02:04]} 25. Ba5 {[%emt 0:03:21]} Qf4 {[%emt 0:06:29]} 26. Ne2 {[%emt 0:03:40]} Qxe4 {[%emt 0:00:23]} 27. Nd2 {[%emt 0:00:43]} Qd5 {[%emt 0:01:07]} 28. Nc3 {[%emt 0:00:13]} Qd4 {[%emt 0:00:06]} 29. Qe1 {[%emt 0:01:28]} Bg4 {[%emt 0:05:57]} 30. Rd3 {[%emt 0:02:18]} Qf4 {[%emt 0:01:42]} 31. Nde4 {[%emt 0:02:51]} Ra8 {[%emt 0:03:04]} 32. Nd6+ {[%emt 0:01:08]} Ke7 {[%emt 0:00:06]} 33. Rd4 {[%emt 0:02:28]} Qf3 {[%emt 0:01:38]} 34. Bb4 {[%emt 0:00:23]} Rh1 {[%emt 0:02:18]} 35. Qxh1 {[%emt 0:00:35]} Qxh1 {[%emt 0:00:07]} 36. Rxh1 {[%emt 0:00:10]} exd4 {[%emt 0:00:04]} 37. Nce4 {[%emt 0:00:47]} a5 {[%emt 0:00:59]} 38. Nf5+ {[%emt 0:00:15]} Kd8 {[%emt 0:02:47]} 39. Bxf8 {[%emt 0:00:46]} Bxf8 {[%emt 0:00:08]} 40. Nxd4 {[%emt 0:00:07]} Kc7 {[%emt 0:00:52]} 41. Nf6 {[%emt 0:10:16]} Bc8 {[%emt 0:00:44]} 42. Rh8 {[%emt 0:02:09]} Bc5 {[%emt 0:03:34]} 43. Ne6+ {[%emt 0:00:33]} Bxe6 {[%emt 0:00:20]} 44. Rxa8 {[%emt 0:00:08]} Bc8 {[%emt 0:00:03]} 45. b4 {[%emt 0:02:15]} Be3 {[%emt 0:00:56]} 46. a4 {[%emt 0:04:24]} axb4 {[%emt 0:02:18]} 47. axb5 {[%emt 0:00:13]} Bf5 {[%emt 0:00:46]} 48. bxc6 {[%emt 0:00:29]} Kxc6 {[%emt 0:00:18]} 49. Kb2 {[%emt 0:04:25]} Bxg5 {[%emt 0:00:18]} 50. Rf8 {[%emt 0:02:36]} Bh6 {[%emt 0:01:15]} 51. Rf7 {[%emt 0:00:27]} Bd2 {[%emt 0:00:24]} 52. Nh7 {[%emt 0:00:54]} Bc3+ {[%emt 0:00:52]} 53. Kc1 {[%emt 0:00:01]} Be6 {[%emt 0:00:54]} 54. Rf1 {[%emt 0:00:42]} Bg7 {[%emt 0:00:41]} 55. Ng5 {[%emt 0:00:52]} Bh6 {[%emt 0:00:08]} 56. Rg1 {[%emt 0:00:03]} Bf5 {[%emt 0:00:47]} 57. Kb2 {[%emt 0:00:21]} Kb5 {[%emt 0:00:16]} 58. Kb3 {[%emt 0:00:49]} Kc5 {[%emt 0:00:49]} 59. c3 {[%emt 0:01:08]} bxc3 {[%emt 0:00:18]} 60. Kxc3 {[%emt 0:00:05]} 1/2-1/2

[Event "WJCC U20 Girls 2019"]
[Site "New Delhi"]
[Date "2019.10.17"]
[Round "4.19"]
[White "Ferkova, Dominika"]
[Black "Song, Yuxin"]
[Result "0-1"]
[WhiteElo "2096"]
[BlackElo "2292"]
[Annotator "NA"]
[PlyCount "76"]
[EventDate "2019.10.15"]
[EventType "swiss"]
[EventCountry "IND"]
[SourceTitle "playchess.com"]
[Source "ChessBase"]
[SourceQuality "1"]
[TimeControl "40/5400+30:1800+30"]

1. d4 {[%emt 0:02:11]} Nf6 {[%emt 0:00:00]} 2. c4 {[%emt 0:00:22]} e6 {[%emt 0:00:00]} 3. Nc3 {[%emt 0:00:07]} Bb4 {[%emt 0:00:00]} 4. e3 {[%emt 0:00:09]} O-O {[%emt 0:00:00]} 5. Bd3 {[%emt 0:00:04]} d5 {[%emt 0:00:00]} 6. Nf3 {[%emt 0:00:05]} c5 {[%emt 0:00:07]} 7. O-O {[%emt 0:00:05]} dxc4 {[%emt 0:00:07]} 8. Bxc4 {[%emt 0:00:06]} Nc6 {[%emt 0:00:03]} 9. a3 {[%emt 0:03:52]} Ba5 {[%emt 0:00:05]} 10. Ne2 {[%emt 0:09:28]} cxd4 {[%emt 0:00:06]} 11. exd4 {[%emt 0:02:31]} h6 {[%emt 0:00:03]} 12. b4 {[%emt 0:05:33]} Bc7 {[%emt 0:02:56]} 13. Qb3 {[%emt 0:03:58]} b6 {[%emt 0:03:24]} 14. Re1 {[%emt 0:23:16]} Bb7 {[%emt 0:03:03]} 15. Bb2 {[%emt 0:03:04]} Ne7 {[%emt 0:01:17]} 16. Ne5 {[%emt 0:09:36]} Ned5 {[%emt 0:11:20]} 17. Ng3 {[%emt 0:09:15]} Bd6 {[%emt 0:05:48]} 18. Rac1 {[%emt 0:07:21]} Rc8 {[%emt 0:10:48]} 19. Bb5 {[%emt 0:02:24]} a6 {[%emt 0:06:04]} 20. Rxc8 {[%emt 0:02:33]} Qxc8 {[%emt 0:00:21]} 21. Rc1 {[%emt 0:00:21]} Qa8 {[%emt 0:00:09]} 22. Bc6 {[%emt 0:02:16]} Ne7 {[%emt 0:06:07]} 23. Bxb7 {[%emt 0:03:04]} Qxb7 {[%emt 0:00:01]} 24. a4 {[%emt 0:02:19]} b5 {[%emt 0:12:18]} 25. a5 {[%emt 0:00:08]} Qd5 {[%emt 0:00:21]} 26. Qa3 {[%emt 0:02:05]} Rc8 {[%emt 0:00:08]} 27. Rxc8+ {[%emt 0:00:58]} Nxc8 {[%emt 0:00:02]} 28. Nd3 {[%emt 0:01:00]} Bxg3 {[%emt 0:01:28]} 29. hxg3 {[%emt 0:00:29]} Nd6 {[%emt 0:00:02]} 30. Nc5 {[%emt 0:01:50]} Nc4 {[%emt 0:00:08]} 31. Qc3 {[%emt 0:01:13]} Qh5 {[%emt 0:05:11]} 32. f3 {[%emt 0:02:00]} Nd5 {[%emt 0:00:36]} 33. Qb3 {[%emt 0:00:38]} Qg6 {[%emt 0:00:12]} 34. Ne4 {[%emt 0:01:24]} f5 {[%emt 0:00:15]} 35. Nf2 {[%emt 0:00:09]} Qxg3 {[%emt 0:00:40]} 36. Bc1 {[%emt 0:00:03]} h5 {[%emt 0:07:09]} 37. Nd3 {[%emt 0:01:56]} h4 {[%emt 0:00:26]} 38. Nf2 {[%emt 0:00:22]} h3 {[%emt 0:00:11]} 0-1

[Event "WJCC U20 Girls 2019"]
[Site "New Delhi"]
[Date "2019.10.17"]
[Round "4.20"]
[White "Li, Yunshan"]
[Black "Zhang, Xiao"]
[Result "1/2-1/2"]
[WhiteElo "2289"]
[BlackElo "2053"]
[Annotator "NA"]
[PlyCount "79"]
[EventDate "2019.10.15"]
[EventType "swiss"]
[EventCountry "IND"]
[SourceTitle "playchess.com"]
[Source "ChessBase"]
[SourceQuality "1"]
[TimeControl "40/5400+30:1800+30"]

1. d4 {[%emt 0:00:00]} d5 {[%emt 0:00:00]} 2. c4 {[%emt 0:00:00]} dxc4 {[%emt 0:00:07]} 3. e4 {[%emt 0:00:00]} e5 {[%emt 0:03:27]} 4. Nf3 {[%emt 0:00:14]} exd4 {[%emt 0:00:05]} 5. Bxc4 {[%emt 0:00:06]} Bb4+ {[%emt 0:00:04]} 6. Bd2 {[%emt 0:00:09]} Bxd2+ {[%emt 0:00:07]} 7. Nbxd2 {[%emt 0:00:10]} Nc6 {[%emt 0:00:16]} 8. Nb3 {[%emt 0:00:51]} Nf6 {[%emt 0:02:33]} 9. e5 {[%emt 0:21:08]} Nd5 {[%emt 0:01:33]} 10. Nbxd4 {[%emt 0:01:20]} Nxd4 {[%emt 0:02:05]} 11. Qxd4 {[%emt 0:02:09]} Be6 {[%emt 0:01:09]} 12. O-O {[%emt 0:00:46]} O-O {[%emt 0:01:33]} 13. Qe4 {[%emt 0:03:04]} c6 {[%emt 0:04:46]} 14. Rfd1 {[%emt 0:04:16]} Qe7 {[%emt 0:02:51]} 15. Nd4 {[%emt 0:02:54]} Rad8 {[%emt 0:05:44]} 16. Nxe6 {[%emt 0:09:04]} fxe6 {[%emt 0:01:41]} 17. Bd3 {[%emt 0:01:09]} g6 {[%emt 0:00:27]} 18. g3 {[%emt 0:00:58]} Qc5 {[%emt 0:03:19]} 19. Qe2 {[%emt 0:02:34]} Rd7 {[%emt 0:05:52]} 20. Rac1 {[%emt 0:04:16]} Qb6 {[%emt 0:00:30]} 21. h4 {[%emt 0:00:43]} Rdf7 {[%emt 0:02:00]} 22. Rf1 {[%emt 0:00:41]} Rf3 {[%emt 0:04:10]} 23. Kg2 {[%emt 0:00:43]} Qd4 {[%emt 0:00:44]} 24. Be4 {[%emt 0:09:59]} Rxg3+ 25. fxg3 {[%emt 0:06:41]} Ne3+ {[%emt 0:01:54]} 26. Kh2 Nxf1+ {[%emt 0:01:56]} 27. Rxf1 {[%emt 0:00:45]} Rxf1 {[%emt 0:00:07]} 28. Qxf1 {[%emt 0:00:10]} Qxe4 {[%emt 0:00:12]} 29. Qf6 {[%emt 0:01:54]} Qf5 {[%emt 0:05:19]} 30. Qd8+ {[%emt 0:00:57]} Kg7 {[%emt 0:00:14]} 31. Qe7+ {[%emt 0:01:25]} Kh6 {[%emt 0:05:23]} 32. Qxb7 {[%emt 0:06:01]} Qxe5 {[%emt 0:00:18]} 33. Qxa7 {[%emt 0:00:29]} Qxb2+ {[%emt 0:00:41]} 34. Kh3 {[%emt 0:00:36]} Qc1 {[%emt 0:04:49]} 35. Qf7 {[%emt 0:02:54]} Qh1+ {[%emt 0:06:32]} 36. Kg4 {[%emt 0:00:03]} Qd1+ {[%emt 0:00:06]} 37. Qf3 {[%emt 0:01:11]} Qd8 {[%emt 0:01:28]} 38. Qxc6 {[%emt 0:01:13]} Qd4+ {[%emt 0:01:49]} 39. Kh3 {[%emt 0:01:01]} Qf6 {[%emt 0:02:02]} 40. Qc7 1/2-1/2

[Event "WJCC U20 Girls 2019"]
[Site "New Delhi"]
[Date "2019.10.17"]
[Round "4.21"]
[White "Obregon Garcia, Roxangel"]
[Black "Chandreyee, Hajra"]
[Result "1-0"]
[WhiteElo "2267"]
[BlackElo "2024"]
[Annotator "NA"]
[PlyCount "71"]
[EventDate "2019.10.15"]
[EventType "swiss"]
[EventCountry "IND"]
[SourceTitle "playchess.com"]
[Source "ChessBase"]
[SourceQuality "1"]
[TimeControl "40/5400+30:1800+30"]

1. e4 {[%emt 0:00:00]} c6 {[%emt 0:00:00]} 2. d4 {[%emt 0:00:00]} d5 {[%emt 0:00:00]} 3. e5 {[%emt 0:00:00]} Bf5 {[%emt 0:00:00]} 4. Nf3 {[%emt 0:00:00]} e6 {[%emt 0:00:07]} 5. Be2 {[%emt 0:00:00]} Ne7 {[%emt 0:00:25]} 6. O-O {[%emt 0:00:00]} Nd7 {[%emt 0:00:29]} 7. Nbd2 {[%emt 0:00:10]} Ng6 {[%emt 0:02:06]} 8. Nb3 {[%emt 0:01:09]} Be7 {[%emt 0:01:19]} 9. c3 {[%emt 0:00:54]} O-O {[%emt 0:00:53]} 10. Ne1 {[%emt 0:01:54]} Nh8 {[%emt 0:01:47]} 11. Bd3 {[%emt 0:01:17]} Bxd3 {[%emt 0:00:38]} 12. Nxd3 {[%emt 0:00:06]} f6 {[%emt 0:02:02]} 13. Nf4 {[%emt 0:04:08]} Qc8 {[%emt 0:11:11]} 14. Nxe6 {[%emt 0:03:29]} Re8 {[%emt 0:02:43]} 15. exf6 {[%emt 0:05:00]} Nxf6 {[%emt 0:01:02]} 16. Nec5 {[%emt 0:11:46]} Bd6 {[%emt 0:01:58]} 17. Nd3 {[%emt 0:07:01]} Qf5 {[%emt 0:08:43]} 18. f4 {[%emt 0:09:17]} Nf7 {[%emt 0:10:16]} 19. Ne5 {[%emt 0:01:31]} Nh6 {[%emt 0:00:31]} 20. h3 {[%emt 0:12:31]} Ne4 {[%emt 0:03:41]} 21. Qf3 {[%emt 0:01:19]} Qe6 {[%emt 0:03:42]} 22. Nd2 {[%emt 0:10:28]} Bxe5 {[%emt 0:02:54]} 23. dxe5 {[%emt 0:02:14]} Nf5 {[%emt 0:04:54]} 24. g4 {[%emt 0:09:11]} Nfg3 {[%emt 0:05:36]} 25. Nxe4 {[%emt 0:00:03]} Nxe4 {[%emt 0:00:53]} 26. Be3 {[%emt 0:02:07]} Rf8 {[%emt 0:00:40]} 27. Rae1 {[%emt 0:03:44]} g5 {[%emt 0:01:31]} 28. f5 {[%emt 0:01:21]} Qxe5 {[%emt 0:02:31]} 29. Bxg5 {[%emt 0:00:06]} Qc7 {[%emt 0:00:42]} 30. Be3 {[%emt 0:01:45]} Rae8 {[%emt 0:00:16]} 31. Kg2 {[%emt 0:01:16]} c5 {[%emt 0:00:47]} 32. c4 {[%emt 0:05:16]} Qa5 {[%emt 0:02:55]} 33. Re2 {[%emt 0:03:35]} Qxa2 {[%emt 0:01:56]} 34. Bh6 {[%emt 0:00:19]} Rf6 {[%emt 0:01:24]} 35. g5 {[%emt 0:00:19]} Rb6 {[%emt 0:00:51]} 36. f6 {[%emt 0:00:42]} 1-0

[Event "WJCC U20 Girls 2019"]
[Site "New Delhi"]
[Date "2019.10.17"]
[Round "4.22"]
[White "Kiolbasa, Oliwia"]
[Black "Pandey Srishti"]
[Result "1/2-1/2"]
[WhiteElo "2223"]
[BlackElo "1963"]
[Annotator "NA"]
[PlyCount "75"]
[EventDate "2019.10.15"]
[EventType "swiss"]
[EventCountry "IND"]
[SourceTitle "playchess.com"]
[Source "ChessBase"]
[SourceQuality "1"]
[TimeControl "40/5400+30:1800+30"]

1. e4 {[%emt 0:00:00]} g6 {[%emt 0:00:00]} 2. d4 {[%emt 0:00:09]} Bg7 {[%emt 0:00:00]} 3. Nc3 {[%emt 0:03:12]} d6 {[%emt 0:00:00]} 4. Be3 {[%emt 0:00:29]} Nd7 {[%emt 0:01:43]} 5. Qd2 {[%emt 0:01:08]} a6 {[%emt 0:01:07]} 6. O-O-O {[%emt 0:00:24]} b5 {[%emt 0:00:45]} 7. h4 {[%emt 0:00:37]} Bb7 {[%emt 0:01:26]} 8. f3 {[%emt 0:00:31]} e5 {[%emt 0:01:43]} 9. h5 {[%emt 0:06:19]} exd4 {[%emt 0:05:48]} 10. Bxd4 {[%emt 0:00:11]} Bxd4 {[%emt 0:00:03]} 11. Qxd4 {[%emt 0:00:14]} Qf6 {[%emt 0:00:06]} 12. hxg6 {[%emt 0:03:21]} fxg6 {[%emt 0:00:28]} 13. Qd2 {[%emt 0:00:36]} Ne7 {[%emt 0:01:06]} 14. Nh3 {[%emt 0:01:29]} Nb6 {[%emt 0:02:57]} 15. Nf4 {[%emt 0:07:28]} O-O {[%emt 0:23:25]} 16. g3 {[%emt 0:06:06]} b4 {[%emt 0:04:40]} 17. Ncd5 {[%emt 0:01:30]} Bxd5 {[%emt 0:00:05]} 18. Nxd5 {[%emt 0:16:09]} Nexd5 {[%emt 0:01:27]} 19. exd5 {[%emt 0:00:15]} a5 {[%emt 0:07:50]} 20. Bh3 {[%emt 0:03:10]} Kg7 {[%emt 0:11:44]} 21. Bg2 {[%emt 0:10:08]} h5 {[%emt 0:00:28]} 22. Qd4 {[%emt 0:04:34]} Rae8 {[%emt 0:01:06]} 23. Qxf6+ {[%emt 0:10:50]} Rxf6 {[%emt 0:00:44]} 24. f4 {[%emt 0:00:55]} Re2 {[%emt 0:01:58]} 25. Bf3 {[%emt 0:00:39]} Rf2 {[%emt 0:02:07]} 26. Rd3 {[%emt 0:03:42]} Rf7 {[%emt 0:02:06]} 27. Bd1 {[%emt 0:02:06]} Re7 {[%emt 0:02:03]} 28. a3 {[%emt 0:04:32]} Re4 {[%emt 0:02:03]} 29. axb4 {[%emt 0:01:12]} axb4 {[%emt 0:00:15]} 30. b3 {[%emt 0:01:22]} Nd7 {[%emt 0:03:55]} 31. Rg1 {[%emt 0:06:28]} Kf6 {[%emt 0:05:18]} 32. Bf3 {[%emt 0:01:03]} Re8 {[%emt 0:00:12]} 33. Bd1 {[%emt 0:00:07]} Nc5 {[%emt 0:03:07]} 34. Rd2 {[%emt 0:00:49]} Rxd2 {[%emt 0:09:27]} 35. Kxd2 {[%emt 0:00:02]} Ra8 {[%emt 0:00:01]} 36. Ke3 {[%emt 0:01:01]} Re8+ {[%emt 0:00:58]} 37. Kd2 {[%emt 0:00:45]} Ra8 {[%emt 0:00:01]} 38. Ke3 {[%emt 0:00:06]} 1/2-1/2

[Event "WJCC U20 Girls 2019"]
[Site "New Delhi"]
[Date "2019.10.17"]
[Round "4.23"]
[White "Ulziikhishigjargal, Ochirkhuyag"]
[Black "Savitha Shri B"]
[Result "1/2-1/2"]
[WhiteElo "2194"]
[BlackElo "1916"]
[Annotator "NA"]
[PlyCount "90"]
[EventDate "2019.10.15"]
[EventType "swiss"]
[EventCountry "IND"]
[SourceTitle "playchess.com"]
[Source "ChessBase"]
[SourceQuality "1"]
[TimeControl "40/5400+30:1800+30"]

1. e4 {[%emt 0:00:00]} c5 {[%emt 0:00:00]} 2. c3 {[%emt 0:00:00]} d5 {[%emt 0:00:13]} 3. exd5 {[%emt 0:00:00]} Qxd5 {[%emt 0:00:07]} 4. d4 {[%emt 0:00:00]} e6 {[%emt 0:00:33]} 5. Nf3 {[%emt 0:00:16]} Nc6 {[%emt 0:01:10]} 6. Be2 {[%emt 0:03:06]} Nf6 {[%emt 0:00:22]} 7. O-O {[%emt 0:00:59]} cxd4 {[%emt 0:01:26]} 8. Nxd4 {[%emt 0:02:26]} Nxd4 {[%emt 0:00:44]} 9. Qxd4 {[%emt 0:02:52]} Bc5 {[%emt 0:01:04]} 10. Qxd5 {[%emt 0:05:01]} Nxd5 {[%emt 0:00:28]} 11. Bf3 {[%emt 0:00:01]} O-O {[%emt 0:00:11]} 12. Rd1 {[%emt 0:00:12]} Re8 {[%emt 0:01:28]} 13. Nd2 {[%emt 0:06:32]} a6 {[%emt 0:06:26]} 14. Ne4 {[%emt 0:06:30]} Be7 {[%emt 0:00:12]} 15. c4 {[%emt 0:01:13]} Nb4 {[%emt 0:00:18]} 16. Bf4 {[%emt 0:00:50]} Nc6 {[%emt 0:03:41]} 17. Bd6 {[%emt 0:05:58]} f5 {[%emt 0:07:23]} 18. Nc5 {[%emt 0:03:16]} Bf6 {[%emt 0:01:37]} 19. Bxc6 {[%emt 0:05:03]} bxc6 {[%emt 0:00:16]} 20. Rab1 {[%emt 0:00:01]} e5 {[%emt 0:04:19]} 21. b4 {[%emt 0:07:09]} Be6 {[%emt 0:01:30]} 22. Nxe6 {[%emt 0:00:13]} Rxe6 {[%emt 0:00:03]} 23. a4 {[%emt 0:00:04]} Be7 {[%emt 0:04:06]} 24. Bc7 {[%emt 0:03:35]} Ra7 {[%emt 0:04:43]} 25. Bb6 {[%emt 0:01:29]} Rb7 {[%emt 0:00:11]} 26. a5 {[%emt 0:00:03]} Rd6 {[%emt 0:04:12]} 27. Rxd6 {[%emt 0:11:58]} Bxd6 {[%emt 0:00:02]} 28. b5 {[%emt 0:00:08]} cxb5 {[%emt 0:01:01]} 29. cxb5 {[%emt 0:00:19]} axb5 {[%emt 0:01:54]} 30. Rxb5 {[%emt 0:00:02]} Bb8 {[%emt 0:07:10]} 31. Kf1 {[%emt 0:04:45]} Bc7 {[%emt 0:18:37]} 32. a6 {[%emt 0:13:23]} Rxb6 {[%emt 0:00:08]} 33. a7 {[%emt 0:00:00]} Ra6 {[%emt 0:00:08]} 34. Rb8+ {[%emt 0:00:05]} Kf7 {[%emt 0:00:04]} 35. a8=Q {[%emt 0:00:05]} Rxa8 {[%emt 0:00:05]} 36. Rxa8 {[%emt 0:00:04]} Bb6 {[%emt 0:01:31]} 37. Ke2 {[%emt 0:00:43]} Bd4 {[%emt 0:00:05]} 38. f3 {[%emt 0:00:24]} Kf6 {[%emt 0:00:11]} 39. h4 {[%emt 0:02:35]} h5 {[%emt 0:05:48]} 40. Ra6+ {[%emt 0:00:18]} Kf7 {[%emt 0:00:10]} 41. Ra4 {[%emt 0:30:12]} Kf6 {[%emt 0:31:39]} 42. Ra6+ {[%emt 0:09:08]} Kf7 {[%emt 0:00:11]} 43. Rc6 {[%emt 0:00:01]} Bg1 {[%emt 0:01:02]} 44. Rc1 {[%emt 0:01:42]} Bd4 45. Rc6 {[%emt 0:05:27]} Bg1 {[%emt 0:04:31]} 1/2-1/2